|
|
|
|
| LEADER |
00000nab a2200000 a 4500 |
| 001 |
vtls000643433 |
| 003 |
SK-MaSNL |
| 005 |
20260304084516.0 |
| 008 |
250425c1997 xo 0 slo |
| 015 |
|
|
|a SNBRB19rr/mm-uuuuu
|
| 035 |
|
|
|a CL0643572
|
| 035 |
|
|
|a (urnnbn)urn:nbn:sk:snk:ar-006o5k
|
| 035 |
|
|
|a (uuid)1fde2d2c-1748-4eca-9224-de65e3bf408c
|
| 035 |
|
|
|a urn:nbn:sk:snk-ab86z2
|
| 040 |
|
|
|a SNKBUCL
|b slo
|c SNKBUCL
|e AACR2
|
| 041 |
0 |
|
|a slo
|
| 044 |
|
|
|a xo
|c SK
|
| 080 |
|
|
|a 619:618.3
|2 1981
|
| 080 |
|
|
|a 636.09
|2 1981
|
| 100 |
1 |
|
|a Pivko, Juraj,
|d 1944-
|4 aut
|
| 245 |
1 |
0 |
|a Poruchy plodnosti bez príznakov - emryonálna mortabilita
|c Juraj Pivko
|
| 650 |
0 |
7 |
|a hospodárske zvieratá
|2 snkbucl
|9 1097
|
| 650 |
0 |
7 |
|a mortalita embryonálna
|2 snkbucl
|9 939053
|
| 655 |
|
7 |
|a články z novín a časopisov
|2 snkbucl
|9 267496
|
| 773 |
0 |
|
|t Slovenský chov
|g Roč. 2, č. 11 (1997)
|g S. 8
|x 1335-1990
|x 1335-1990
|
| 773 |
0 |
|
|t [Príl.] Prevencia a liečba chorôb hospodárskych zvierat
|g Roč. 2, č. 11 (1997)
|g S. 8
|x 1335-1990
|x 1335-1990
|
| 850 |
|
|
|a Slovenská národná knižnica
|
| 852 |
|
|
|a Slovenská národná knižnica
|
| 954 |
|
|
|a odborná, vedecká literatúra pôvodná (slovenská)
|2 lita
|
| 958 |
|
|
|a article9
|
| 958 |
|
|
|a MI
|
| 958 |
|
|
|a RK
|
| 958 |
|
|
|a OND
|
| 958 |
|
|
|a EUIPO
|
| 999 |
|
|
|c 2803760
|d 2805690
|